Cities With the Most Tall Churches ⛪️ - Statistics

General Stats
  • This quiz has been taken 66 times
  • The average score is 4 of 7
Answer Stats
Churches Country City % Correct
8 France Paris
92%
16 Germany Berlin
86%
7 Germany Munich
70%
9 Germany Hamburg
64%
7 Austria Vienna
64%
7 Sweden Stockholm
36%
8 Germany Dresden
25%
No matching quizzes found
Score Distribution
Percent of People with Each Score
Percentile by Number Answered
Your Score History
You have not taken this quiz